000 00383nam a2200157Ia 4500
003 OSt
005 20240205145056.0
008 170523s9999 xx 000 0 und d
020 _a978-8126513727
040 _ciimt university meerut
100 _aBUFFA- SARIN
245 0 _aMODERN PRODUCTION OPERATIONS MANAGEMENT
260 _bJOHN WILEY SONS
260 _c1987
942 _2ddc
_c02
999 _c310
_d310